000 00774nam a2200253 a 4500
003 DO-SdBNP
005 20240301132954.0
007 ta
008 211019e2017 dr ||||er|||| 001 p spa d
020 _a9789945912401
040 _aDO-SdBNP
_bspa
_cBNPHU
082 4 _aRD861.44
_bA663n
_222
100 1 4 _aAraujo, Lorenzo
_974500
245 1 0 _aNostalgia de los tiempos idos /
_cLorenzo Araujo
260 _aSanto Domingo :
_bCM Publicidad,
_c2017.
300 _a118 p. ;
_c21 cm.
500 _aIncluye datos biográficos del autor en la solapa de la cubierta
590 _aInventariado 2021 / MF
650 4 _aPoesía dominicana
650 1 4 _aCuentos dominicanos
650 4 _aLiteratura dominicana
910 _aValidado. Control de calidad MFF
942 _2ddc
_cLBS1
999 _c50777
_d50777